000 00335 a2200121 4500
000 nam a22 7a 4500
005 20260206150031.0
020 _a9788179754832
100 _aKrishnadutt Sharma
_91114266
245 _aMahavir Prasad Dwivedi Sanchayita
260 _bAnamika Publishers & Distributor (P) Ltd.
_c2025
942 _cTEXL
999 _c1678827
_d1678827